000 00433pab a2200169 454500
008 180718b2013 xxu||||| |||| 00| 0 eng d
100 _aSadgopal, Anil
245 _aFYUP: Hidden agenda of dismantling India's higher education
260 _c2013
300 _ap.5-18.
362 _aJul-Aug
650 _aHigher education - India
650 _aHigher education
773 _aSocial Scientist
908 _aN
909 _a100730
999 _c100729
_d100729